2025 NBA All Stars - Sudden Death - Statistics

General Stats
  • This quiz has been taken 5,879 times
    5,830 since last reset
  • The average score is 9 of 20
Answers on the Grid
Answers color-coded by a green-red scale on the quiz's grid according to % correct below.
Alperen Sengun
Cade Cunningham
Chris Paul
Damian Lillard
Darius Garland
De'Aaron Fox
Donovan Mitchell
Evan Mobley
Giannis Antetokounmpo
Ja Morant
Jalen Brunson
Jalen Williams
James Harden
Jaylen Brown
Jayson Tatum
Jimmy Butler
Joel Embiid
Karl Anthony-Towns
Kevin Durant
LaMelo Ball
LeBron James
Luka Doncic
Mac McClung
Nikola Jokic
Norman Powell
Paolo Banchero
Russell Westbrook
Shai Gilgeous-Alexander
Stephen Curry
Tyler Herro
Victor Wembanyama
Zion Williamson
 
Answer Stats
Answer % Correct
Cade Cunningham
69%
Giannis Antetokounmpo
66%
Alperen Sengun
61%
Donovan Mitchell
58%
Jalen Brunson
51%
Jayson Tatum
51%
LeBron James
48%
Evan Mobley
45%
Kevin Durant
42%
Nikola Jokic
42%
Damian Lillard
41%
Stephen Curry
40%
Darius Garland
39%
Shai Gilgeous-Alexander
39%
Jalen Williams
38%
Jaylen Brown
37%
Karl Anthony-Towns
36%
Victor Wembanyama
34%
James Harden
32%
Tyler Herro
22%
No matching quizzes found
Score Distribution
Percent of People with Each Score
Percentile by Number Answered
Your Score History
You have not taken this quiz since the last reset